000 00493nam a22001932 4500
001 0000002863
005 20151217151906.0
008 070420s xx 000 0 eng d
020 _a0380758393 :
_cKES 110
040 _aKABU
_cKABU
050 0 _aPS3560
_b.A44F35
100 1 _aJance, J. A.
_@0000152363
245 1 0 _aFailure to appear.
260 _aNew York :
_bAvon Books,
_c1993.
300 _a322 p.
908 _a070420
950 _@1
999 _c6064
_d6064